000 00774nam a22001937a 4500
005 20250501112912.0
010 _aHIN-129717
020 _c495.00
_a9788197633560
035 _aHN-102063
037 _bDBAD
082 _a000
245 _aभूगोल: प्रशानोतर रूप में
_cएन एन ओझा द्वारा संपादित
260 _aनॉएडा
_bक्रॉनिकल पब्लिकेशन प्रा. लि.
_c2024
270 _aए-1डी, सेक्टर-16,
_bनॉएडा
_e201301
300 _a439,पृ.
_c26 सेमी (अजिल्द)
500 _aUPSC & State PSCs
700 _aओझा ,एन एन
_980962
942 _2ddc
_cHN
_h000
_mभूगोल
999 _c211137
_d211137